El ruiseñor y la rosa (Record no. 140810)

MARC details
000 -LEADER
campo de control de longitud fija 00606nam a2200205 i 4500
001 - NÚMERO DE CONTROL
campo de control 140810
003 - IDENTIFICADOR DE NÚMERO DE CONTROL
campo de control ES-MaACL
005 - FECHA Y HORA DE LA ÚLTIMA TRANSACCIÓN
campo de control 20250702063104.0
007 - CAMPO FIJO DE DESCRIPCIÓN FÍSICA--INFORMACIÓN GENERAL
campo de control de longitud fija t|
008 - DATOS DE LONGITUD FIJA--INFORMACIÓN GENERAL
campo de control de longitud fija 070917s1939 ag ||||1| spa d
100 1# - ENTRADA PRINCIPAL--NOMBRE DE PERSONA
Nombre de persona Wilde, Oscar,
Fechas asociadas al nombre 1854-1900
9 (RLIN) 241147
245 13 - MENCIÓN DEL TÍTULO
Título El ruiseñor y la rosa
Resto del título : ; Cuentos ; Poemas en prosa /
Mención de responsabilidad, etc. Oscar Wilde.
250 ## - MENCION DE EDICION
Mención de edición 2ª ed.
260 ## - PUBLICACIÓN, DISTRIBUCIÓN, ETC.
Lugar de publicación, distribución, etc. Buenos Aires :
Nombre del editor, distribuidor, etc. Espasa-Calpe,
Fecha de publicación, distribución, etc. [1939]
300 ## - DESCRIPCIÓN FÍSICA
Extensión 177 p. ;
Dimensiones 18 cm.
490 1# - MENCIÓN DE SERIE
Mención de serie Colección austral
830 0# - PUNTO DE ACCESO ADICIONAL DE SERIE-TÍTULO UNIFORME
Título uniforme Colección austral
9 (RLIN) 177655
852 ## - LOCALIZACIÓN
Ubicación ES-MaACL
Número de control de estantería C-2699
Sublocalización o colección R.24119
Holdings
Estatus retirado Estado de pérdida Estado de daño No para préstamo Biblioteca de origen Biblioteca actual Ubicación en estantería Fecha de adquisición Fuente de adquisición Total de préstamos Signatura topográfica completa Código de barras Visto por última vez Precio de reemplazo Tipo de ítem Koha
        Biblioteca del Ateneo de Madrid Biblioteca del Ateneo de Madrid Sala Palomar 17/01/2008     C-2699 1146524 23/02/2023 23/02/2023 Libro impreso